000
00262nam a22001217a 4500
003
SGT
082
_b
GHO
100
_a
GHOSH, SAJAL
245
_a
VISION THE JOURNAL OF BUSINESS PERSPECTIVE
260
_a
INDIA
_b
SAGE PUB
_c
2022
300
_a
534
942
_2
ddc
_c
BV
999
_c
29893
_d
29893